O Cotidiano Europeu no Século XVI (Record no. 73854)

MARC details
000 -LÍDER
campo de controle de tamanho fixo 00433 a2200169 4500
001 - NÚMERO DE CONTROLE
campo de controle 73854
020 ## - ISBN - INTERNATIONAL STANDARD BOOK NUMBER
ISBN - International Standard Book Number 8506015480
040 ## - FONTE DA CATALOGAÇÃO
Instituição que transcreveu o registro Anchieta - Colégio São Paulo
100 ## - ENTRADA PRINCIPAL--NOME PESSOAL
Nome pessoal Middleton, Haydn
240 10 - TÍTULO UNIFORME
Título uniforme O Cotidiano Europeu no Século XVI
Idioma da obra por
245 10 - TÍTULO
Título O Cotidiano Europeu no Século XVI
300 ## - DESCRIÇÃO FÍSICA
Extensão 61
362 0# - DATAS DE PUBLICAÇÃO E/OU DESIGNAÇÃO SEQUENCIAL
Datas de publicação e/ou designação sequencial 0
440 #1 - DECLARAÇÃO DE SÉRIE/ENTRADA ADICIONADA--TÍTULO
Título Melhoramentos
650 #4 - ASSUNTO--TERMO TÓPICO
Cabeçalho tópico ou nome geográfico História geral da Europa - Europa Ocidetal
942 ## - ELEMENTOS DE ENTRADA ADICIONADOS (KOHA)
Tipo de material Koha Livros
Holdings
Situação do descarte Situação das perdas Situação física Não pode ser emprestado Biblioteca de origem Biblioteca atual Data de aquisição Total de empréstimos Código de barras Data de último acesso Data do preço efetivo Tipo de material Koha Fonte da classificação ou esquema de arquivamento na estante Nota pública
        Colégio São Paulo Colégio São Paulo 22/11/2023   4208/CSP 22/11/2023 22/11/2023 Livros    
        Novo Tempo - Aureliano São José Novo Tempo - Aureliano São José 12/07/2024   fm169 12/07/2024 12/07/2024 Livros Classificação Decimal de Dewey FD2/EM